LDR 01096naa#a2200217#i#450# 001 RU\\bibl\121258 005 20260501232430.5 011 ## _a1994-4683 100 ## _a20230803b2023####ek#y0rusy0150####ca 102 ## _aRU 200 1# _aОСОБЕННОСТИ ОБЪЕДИНЕНИЯ ПРОГРАММ ПО МНОГОБОРЬЮ ГТО И ФИДЖИТАЛ СПОРТУ В РАМКАХ ФЕСТИВАЛЯ СПОРТА _eЖурнальная статья 210 1# _aМосква _cНациональный государственный Университет физической культуры, спорта и здоровья им. П.Ф. Лесгафта _d2023 215 ## _a5 с. 608 ## _aЖурнальная статья _2local 675 ## _aРоль физкультуры и спорта в воспитании и общем развитии личности. 796.011.1 _z 700 #1 _aБобков _gВ В 700 #1 _aКокоулина _gО П 700 #1 _aХорошева _gО А 700 #1 _aМещерякова _gЮ А 700 #1 _aБорданов _gВ В 856 4# _auchzapiski.lesgaft.spb.ru _u